000 00785nam a2200301Ia 4500
001 13516
003 IT-RoPAU
008 130308s9999 xx 000 0 und d
040 _aIT-RoPAU
040 _cIT-RoPAU
041 _aFRANCESE
100 _aRadu Cezar
100 _gCodice Aut. SPICS: 4235
245 _aPour un message tv specifique
245 _bA Semiotic Landscape/Panorama Semiotique
250 _a1a ed.
260 _aTHE HAGUE
260 _bMouton
260 _c1979 [1° Ed.:1979 - Ed.Ling.Originale:1974]
300 _a"4 p. (prefazione: no ; testo: 4 [pagine: 891-894])"
500 _aPer un Messaggio tv Specifico
650 _aSEMIOLOGIA
650 _eCodice materia Spics: 3251
942 _cBK
957 _71
999 _c41031
_d41031
999 _bSI
999 _g1